Sports Quiz

Random Sports or NBA Quiz

5x5 in 90: Mixed Sports Minefield Blitz Quiz Stats

 Plays Quiz Updated Dec 2, 2016

Support Sporcle.
Go Orange.
Score 0/25 Timer 01:30
11 Plays Today
% Correct
???
65.9%
???
64.1%
???
63.7%
???
63.6%
???
62.9%
???
61.9%
???
61.9%
???
60.8%
???
60.6%
???
60.2%
???
58.5%
???
58.4%
???
58%
% Correct
???
57.9%
???
57.6%
???
57.1%
???
56%
???
55.9%
???
55.4%
???
54.7%
???
53.8%
???
51.8%
???
48.2%
???
47.6%
???
47.3%

You're not logged in!

Compare scores with friends on all Sporcle quizzes.
OR
Log In

From the Vault

Add an 'R'

by HenryFieldstone

Be the first to shake your fist at this hard quiz you just had.
Remove Ads.
Support Sporcle.
Get the best of Sporcle when you Go Orange. This ad-free experience offers more features, more stats, and more fun while also helping to support Sporcle. Thank you for becoming a member.

Show Comments

Extras

Top Quizzes Today


Score Distribution

Your Account Isn't Verified!

In order to create a playlist on Sporcle, you need to verify the email address you used during registration. Go to your Sporcle Settings to finish the process.

Report this User

Report this user for behavior that violates our Community Guidelines.

Details: